Ham Dishes - Sudden Death - Statistics

General Stats
  • This quiz has been taken 69 times
  • The average score is 6 of 16
Answers on the Grid
Answers color-coded by a green-red scale on the quiz's grid according to % correct below.
Jambon-beurre
Croque-madame
Pan de jamón
Chicken cordon bleu
Prosciutto e melone
Eisbein
Hawaiian pizza
Francesinha
Budae-jjigae
Denver omelette
Medianoche
Salade parisienne
Šunka u kruhu
Monte Cristo sandwich
Chicons au gratin / Belgian chicory rolls
Senate bean soup
BLT
Königsberger Klopse
Hamburg steak
Pastrami on rye
Tournedos Rossini
Galbi-gui
Sol over Gudhjem
Shish taouk
Panino con il lampredotto
New York pepperoni pizza
Caesar salad
Fettuccine Alfredo
 
Answer Stats
Answer % Correct
Hawaiian pizza
64%
Jambon-beurre
58%
Monte Cristo sandwich
50%
Pan de jamón
50%
Prosciutto e melone
47%
Croque-madame
42%
Denver omelette
42%
Chicken cordon bleu
39%
Francesinha
28%
Eisbein
25%
Senate bean soup
25%
Budae-jjigae
19%
Chicons au gratin / Belgian chicory rolls
19%
Medianoche
19%
Salade parisienne
19%
Šunka u kruhu
14%
No matching quizzes found
Score Distribution
Percent of People with Each Score
Percentile by Number Answered
Your Score History
You have not taken this quiz